Paroles de Partenaire Particulier de Partenaire Particulier - Statistiques

Statistiques générales
  • Ce quiz a été pris 204 fois
  • Le résultat moyen est 245 sur 296
Statistiques - réponses
Réponse % Correct
un
99%
de
98%
cherche
97%
et
97%
Et
97%
par
97%
pas
96%
à
94%
Je
93%
je
93%
te
93%
la
92%
Partenaire
92%
partenaire
92%
particulier
92%
une
92%
ce
91%
Ce
91%
Qui
91%
qui
91%
suis
91%
bonne
89%
dose
89%
recherche
89%
me
88%
fille
87%
Mais
87%
Non
87%
particulière
87%
particuliere
87%
trop
87%
cet
86%
cette
86%
vérité
86%
être
85%
tant
85%
timide
85%
banalité
84%
d'une
84%
peu
84%
savoir-faire
84%
trouver
84%
trouverai
84%
Alors
82%
aventure
81%
si
81%
sorte
79%
manque
78%
tente
76%
ai
75%
simplement
75%
débloquée
70%
Débloquée
70%
dans
69%
en
67%
assez
64%
ces
63%
J'en
63%
que
58%
toutes
57%
rester
54%
ennuyer
53%
finit
53%
s'y
53%
m'enferme
49%
Ils
48%
règles
48%
carcan
47%
l'on
45%
rond
45%
disent
43%
parfois
43%
tourner
43%
n'est
42%
sont
41%
finis
40%
avouer
36%
difficiles
36%
horizons
36%
Vous
36%
nouveaux
34%
eux
33%
norme
33%
parmi
33%
comprendrez
31%
moi
30%
tels
30%
péchés
28%
dois
23%
autour
22%
coincés
13%
Aucun quiz correspondant
Distribution des résultats
% des personnes avec chaque résultat
Percentile par nombre de réponses
Votre historique - résultats
Vous n’avez pas pris ce quiz